Statistics for ASEAN Countries on an Empty Map

Click here to take the quiz!

General Stats

  • This quiz has been taken 287 times
  • The average score is 12 of 12

Answers on the Map

Answers color-coded by a green-red scale on the quiz's map according to % correct below.
 

Answer Stats

HintAnswer% Correct
Member StateIndonesia
100%
Member StateLaos
100%
Member StateThailand
100%
Member StateCambodia
99%
Member StateMalaysia
99%
Member StateSingapore
99%
Member StateVietnam
99%
Member StateBrunei
98%
Member StateMyanmar
98%
Member StatePhilippines
96%
ObserverEast Timor
93%
ObserverPapua New Guinea
81%

Score Distribution

Percentile by Number Answered

Percent of People with Each Score

Your Score History

You have not taken this quiz